Welcome to CU Library Online Public Access Catalogue (OPAC)

A HISTORY OF CHRISTIANITY: (Record no. 2063)

MARC details
000 -LEADER
fixed length control field 00398nam a22001457a 4500
005 - DATE AND TIME OF LATEST TRANSACTION
control field 20241211151009.0
008 - FIXED-LENGTH DATA ELEMENTS--GENERAL INFORMATION
fixed length control field 241211b |||||||| |||| 00| 0 eng d
020 ## - INTERNATIONAL STANDARD BOOK NUMBER
International Standard Book Number 9781565633292
050 ## - LIBRARY OF CONGRESS CALL NUMBER
Classification number BR 145 LAT
Item number 1
245 ## - TITLE STATEMENT
Title A HISTORY OF CHRISTIANITY:
Remainder of title Reformation to the present
260 ## - PUBLICATION, DISTRIBUTION, ETC.
Place of publication, distribution, etc. New York
Name of publisher, distributor, etc. Prince Press
Date of publication, distribution, etc. 1975c
300 ## - PHYSICAL DESCRIPTION
Extent xxvi,1551p
500 ## - GENERAL NOTE
General note index
942 ## - ADDED ENTRY ELEMENTS (KOHA)
Source of classification or shelving scheme Library of Congress Classification
Koha item type Books
Edition revised
Suppress in OPAC No
999 ## -
-- 2063
-- 2063
Holdings
Withdrawn status Lost status Source of classification or shelving scheme Damaged status Not for loan Collection Home library Current library Shelving location Date acquired Total checkouts Full call number Barcode Date last seen Copy number Price effective from Koha item type
    Library of Congress Classification     Non-fiction Graduate Library (Christ Temple) Graduate Library (Christ Temple) General stacks 12/11/2024   BR 145 LAT GSCT00000235 12/11/2024 1 12/11/2024 Books
© 2023-2024 Copyright: Central University Libraries. All Rights Reserved | Created by: Mahone Tech Office